Salony, "salonierki", polityka
| Titel: | Salony, "salonierki", polityka : studium porównawcze Paryża i Warszawy w drugiej połowie XVIII wieku / Dorota Wiśniewska |
|---|---|
| Verfasser: | |
| Körperschaft: |
|
| Ausgabe: | Wydanie pierwsze |
| Veröffentlicht: | Toruń : Wydawnictwo Naukowe Uniwersytetu Mikołaja Kopernika, 2023 |
| Umfang: | 455 Seiten ; 22 cm |
| Format: | Buch |
| Sprache: | Polnisch |
| Schriftenreihe/ mehrbändiges Werk: |
Monografie Fundacji na rzecz Nauki Polskiej |
| RVK-Notation: |
·
|
| ISBN: | 9788323151678 ; 8323151679 ; 9788323151661 ; 8323151660 ; 9788323151685 |
| Hinweise zum Inhalt: |
Inhaltsverzeichnis
|
alg: 51650466 001A $00026:22-03-24 001B $03025:09-01-25 $t13:48:35.000 001D $00026:02-04-24 001U $0utf8 001X $00 002@ $0Aau 002C $aText $btxt $2rdacontent 002D $aohne Hilfsmittel zu benutzen $bn $2rdamedia 002E $aBand $bnc $2rdacarrier 003@ $0516504665 004A $A978-83-231-5167-8 004A $083-231-5167-9 004A $A978-83-231-5166-1 004A $083-231-5166-0 004O $A978-83-231-5168-5 $So 006C $01420614698 $aOCoLC 007A $0516504665 $aHEB 009P $qapplication/pdf $A2 $3Inhaltsverzeichnis $uhttp://scans.hebis.de/HEBCGI/show.pl?51650466_toc.pdf $mV:DE-603;B:DE-26 010@ $apol 010E $erda 011@ $a2023 021A $aSalony, "salonierki", polityka $dstudium porównawcze Paryża i Warszawy w drugiej połowie XVIII wieku $hDorota Wiśniewska 028A $BVerfasser $4aut $7124347193X $8Wiśniewska, Dorota$Z1972- [Tp3] $9486704106 029F $BHerausgebendes Organ $#Foundation for Polish Science $#FNP $4isb $75267959-7 $8Fundacja na rzecz Nauki Polskiej [Tb1] $9055757804 029F $BHerausgebendes Organ $#Copernicus University $#Copernicus-Universität $#Kopernikus-Universität $#Nicholas Copernicus University $#Nicolas Copernicus University in Toruń $#Nicolaus Copernicus University $#Nicolaus Copernicus University in Torun $#Nicolaus-Copernicus-Universität $#Nicolaus-Copernicus-Universität in Toruń $#Nikolaus Kopernikus Universität $#Nikolaus-Kopernikus-Universität $#Universidad "Nicolás Copérnico" $#Universitas Nicolai Copernici $#Universität Thorn $#Université de Nicolaus Copernicus à Toruń $#Uniw. Mikołaja Kopernika $#Uniwersytet M. Kopernika $#Uniwersytet M. Kopernika w Toruniu $#Uniwersytet Mikołaja Kopernika $#Uniwersytet Toruński $#UMK $#U.M.K. $4isb $71011770-2 $8Uniwersytet Mikołaja Kopernika w Toruniu [Tb1] $9041932749 032@ $aWydanie pierwsze 033A $pToruń $nWydawnictwo Naukowe Uniwersytetu Mikołaja Kopernika 034D $a455 Seiten 034I $a22 cm 036G $aMonografie Fundacji na rzecz Nauki Polskiej 037A $aQuellen- und Literaturverzeichnis: Seite 399-421 044A $aDu Deffand, Marie $2dbn $S17 $d(1697-1780) $N600 044A $aRadziwiłłowa, Maria $2dbn $S17 $d(ok $N600 044A $aParyż (Francja) $2dbn $S#7 $N651 044A $aWarszawa (woj $2dbn $S#7 $N651 044A $aArystokracja $2dbn $S#7 $N650 044A $aŻycie dworskie $2dbn $S#7 $N650 044A $aŻycie towarzyskie $2dbn $S#7 $N650 044A $aMonografia $2dbn $S#7 $N655 044K $#Paris $#Lutetia $#Lutecia $#Lutetia Parisiorum $#Parisia $#Pa-li $#Ville de Paris $#P'ariz $#Paryžius $#Paříž $#Bārīs $#Bali Paris $#Pariž $#Parigi $#Parijs $#Lutitia $#Parisius $#Lutèce $#Commune de Paris $#Parisii $#Parrhisius $#Loticia Parisiorum $#Ville de Paris $#Lutetia $74044660-8 $8Paris [Tgz] $9085125393 044K $RWarszawa $#Warschau $#Warszawa $#Warszowa $#Varšava $#Varsovia $#Varsavia $#Varšavaq $#Varsó $#Miasto Stołeczne Warszawa $#Varsovie $#Warsaw $#Varšava $#Varšuva $#Varssavi $74079048-4 $8Warschau [Tg1] $9085224332 044K $#Salons $#Salons littéraires $74178965-9 $8Salon [Ts1] $9085849928 045R $aGeschichte 1750-1800 045Z $8KO 6056 [Tkv] $9409257850 045Z $8KO 6046 [Tkv] $9409257826 046L $aZusammenfassung in englischer Sprache lok: 51650466 78 exp: 51650466 78 1 #EPN 201B/01 $009-01-25 $t13:47:20.000 201C/01 $009-01-25 201U/01 $0utf8 203@/01 $01288336330 208@/01 $a09-01-25 $be 209A/01 $a/ $f000 $x00 209A/01 $ab*p $x01 220C/01 $aeja 247C/01 $82080>Marburg/Lahn, Herder-Institut, Forschungsbibliothek, Bibliographieportal $9336309341 lok: 51650466 204 exp: 51650466 204 1 #EPN 201B/01 $023-04-24 $t09:08:20.000 201C/01 $022-03-24 201U/01 $0utf8 203@/01 $01258551608 208@/01 $a23-04-24 $bzUB 209A/01 $a000 KO 6046 W815 $du $f000 $x00 209G/01 $a64772074 $x00 245S/01 $a10200 $x01 247C/01 $8631000-x <26>Gießen, Universität Gießen, Universitätsbibliothek Gießen $9102596697
| LEADER | 00000cam a2200000 c 4500 | ||
|---|---|---|---|
| 001 | 516504665 | ||
| 003 | DE-603 | ||
| 005 | 20250109134835.0 | ||
| 007 | tu | ||
| 008 | 240322s2023 xx |||| | u00||u|pol c | ||
| 020 | |a 9788323151678 | ||
| 020 | |a 8323151679 | ||
| 020 | |a 9788323151661 | ||
| 020 | |a 8323151660 | ||
| 035 | |a (DE-599)HEB516504665 | ||
| 040 | |a DE-603 |b ger |c DE-603 |d DE-603 |e rda | ||
| 041 | |a pol | ||
| 084 | |a KO 6056 |0 (DE-625)80532: |0 (DE-603)409257850 |2 rvk | ||
| 084 | |a KO 6046 |0 (DE-625)80529: |0 (DE-603)409257826 |2 rvk | ||
| 100 | 1 | |a Wiśniewska, Dorota |d 1972- |e Verfasser |4 aut |0 (DE-603)486704106 |0 (DE-588)124347193X |2 gnd | |
| 245 | 0 | 0 | |a Salony, "salonierki", polityka |b studium porównawcze Paryża i Warszawy w drugiej połowie XVIII wieku |c Dorota Wiśniewska |
| 250 | |a Wydanie pierwsze | ||
| 264 | 1 | |a Toruń |b Wydawnictwo Naukowe Uniwersytetu Mikołaja Kopernika |c 2023 | |
| 300 | |a 455 Seiten |c 22 cm | ||
| 336 | |a Text |b txt |2 rdacontent | ||
| 337 | |a ohne Hilfsmittel zu benutzen |b n |2 rdamedia | ||
| 338 | |a Band |b nc |2 rdacarrier | ||
| 490 | 0 | |a Monografie Fundacji na rzecz Nauki Polskiej | |
| 500 | |a Quellen- und Literaturverzeichnis: Seite 399-421 | ||
| 546 | |a Zusammenfassung in englischer Sprache | ||
| 648 | 7 | |a Geschichte 1750-1800 |2 gnd | |
| 650 | 7 | |a Salon |0 (DE-588)4178965-9 |0 (DE-603)085849928 |2 gnd | |
| 651 | 7 | |a Paris |0 (DE-588)4044660-8 |0 (DE-603)085125393 |2 gnd | |
| 651 | 7 | |a Warschau |0 (DE-588)4079048-4 |0 (DE-603)085224332 |2 gnd | |
| 710 | 2 | |a Fundacja na rzecz Nauki Polskiej |e Herausgebendes Organ |4 isb |0 (DE-603)055757804 |0 (DE-588)5267959-7 |2 gnd | |
| 710 | 2 | |a Uniwersytet Mikołaja Kopernika w Toruniu |e Herausgebendes Organ |4 isb |0 (DE-603)041932749 |0 (DE-588)1011770-2 |2 gnd | |
| 776 | 1 | |z 9788323151685 | |
| 856 | 4 | 2 | |m V:DE-603;B:DE-26 |q application/pdf |u http://scans.hebis.de/HEBCGI/show.pl?51650466_toc.pdf |3 Inhaltsverzeichnis |
| 924 | 0 | |9 2080 |a (DE-603)1288336330 |b DE-2080 |c HES |d d |g / | |
| 924 | 0 | |9 26 |a (DE-603)1258551608 |b DE-26 |c HES |d c |g 000 KO 6046 W815 | |


